| 000 | 02122cam a22005534i 4500 | ||
|---|---|---|---|
| 003 | PE-LiUPU | ||
| 005 | 20250731184533.0 | ||
| 008 | 150623s1998 miu rb 000 0 eng d | ||
| 020 | _a0521631149 | ||
| 035 | _a(Sirsi) i9780521631143 | ||
| 040 |
_aPE-LiUPU _bspa _cPE-LiUPU _erda |
||
| 049 | _aPRUA | ||
| 082 | 0 | 4 |
_a933.050 92 _bB72 _221 |
| 100 | 1 |
_aBond, Helen Katherine, _eautor. |
|
| 245 | 1 | 0 |
_aPontius Pilate in history and interpretation / _cHelen K. Bond. |
| 264 | 1 |
_aCambridge, United Kingdom : _bCambridge University Press, _c1998. |
|
| 300 |
_a249 páginas ; _c24 centímetros. |
||
| 336 |
_atext _2rdacontent |
||
| 337 |
_aunmediated _2rdamedia |
||
| 338 |
_avolume _2rdacarrier |
||
| 490 | 0 |
_aMonograph Series. Society for New Testament Studies ; _v100 |
|
| 504 | _aIncluye bibliografía. | ||
| 505 | 0 | _aPontius Pilate and the Roman province of Judaea -- Pilate in Philo -- Pilate in Josephus -- Pilate in Mark's gospel -- Pilate in Matthew's gospel -- Pilate in Luke-Acts -- Pilate in John's gospel -- Historical events behind the gospel narratives. | |
| 526 | _aP136 | ||
| 526 | _aP135 | ||
| 526 | _aP134 | ||
| 526 | _aP133 | ||
| 526 | _aP144 | ||
| 526 | _aP143 | ||
| 526 | _aP87 | ||
| 526 | _aP35 | ||
| 526 | _aP20 | ||
| 526 | _aP14 | ||
| 526 | _aP10 | ||
| 526 | _aP06 | ||
| 600 | 1 | _aFilón de Alejandría | |
| 600 | 1 |
_aJesúcristo _vEnsayos |
|
| 600 | 1 |
_aJosefo, Flavio. _d37 - c. 100 dC |
|
| 600 | 1 |
_aPilatos, Poncio _ySiglo I |
|
| 630 |
_aBiblia. _pN.T. _pEvangelios _xCrítica, interpretación, etc. |
||
| 650 | 0 | 4 |
_aGobernadores _zPalestina _vBiografía. |
| 650 | 0 | 4 |
_aJudios _xHistoria _y168 aC-135 dC |
| 942 |
_2ddc _cBOOK |
||
| 949 |
_a933.050 92 B72 _wDEWEY _c1 _i47340 _lCCODEBUL1 _mBUL _r0 _sY _tBOOK _u2015-6-24 _xTEOLOGIA _PP35 _0COMPRA _o.STAFF. Colección Teología |
||
| 994 |
_aC0 _bPEPRU |
||
| 596 | _a1 | ||
| 999 |
_a933.050 92 B72 _wDEWEY _c23892 _i47340 _d23892 _e2018-6-18 _f2021-11-11 _g5 _lCCODEBUL1 _mBUL _n8 _p32.00 _q3 _r0 _sY _tBOOK _u2015-6-24 _xTEOLOGIA _PP35 _0COMPRA _o.STAFF. Colección Teología |
||
| 980 |
_81 _gALBERTO SANCHEZ Responsable de Automatización |
||